| 000 | 01063naa a22002897u 4500 | ||
|---|---|---|---|
| 001 | 06168 | ||
| 003 | HDC | ||
| 007 | cr bn ---aaaaa | ||
| 008 | 210123s2000 flu eng | ||
| 040 | _aHDC | ||
| 100 |
_aMiller, Gregory D., _eauthor _96501 |
||
| 245 | 0 |
_aHandbook of dairy foods and nutrition : _bThe Importance of Milk and Milk Products in the Diet / _cGregory D. Miller, Judith K. Jarvis and Lois D. McBean |
|
| 260 |
_aBoca Raton, FL : _bCRC Press, _c2000 |
||
| 300 | _a64 pages | ||
| 336 |
_atext _2rdacontent |
||
| 337 |
_acomputer _2rdamedia |
||
| 338 |
_aonline resource _2rdacarrier |
||
| 500 | _aOriginal from book | ||
| 650 |
_aDairy products in human nutrition _96485 |
||
| 650 |
_aDairy products _96279 |
||
| 700 |
_aJarvis, Judith K., _eauthor _96502 |
||
| 700 |
_aMcBean, Lois D., _eauthor _96503 |
||
| 856 | _zRequest full-text at [email protected] | ||
| 942 | _2lcc | ||
| 942 | _cCHAP | ||
| 942 | _kEBCH 000101 | ||
| 999 |
_c3492 _d3492 |
||